Limit State Design (Reinforced Concrete) (Record no. 5594)

MARC details
000 -LEADER
fixed length control field 00392nam a22001577a 4500
005 - DATE AND TIME OF LATEST TRANSACTION
control field 20170919160520.0
008 - FIXED-LENGTH DATA ELEMENTS--GENERAL INFORMATION
fixed length control field 170919b xxu||||| |||| 00| 0 eng d
020 ## - INTERNATIONAL STANDARD BOOK NUMBER
ISBN 978-81-318-0241-0
041 ## - LANGUAGE CODE
Language code of text/sound track or separate title eng
082 ## - DEWEY DECIMAL CLASSIFICATION NUMBER
Classification number 624.183 41
100 ## - MAIN ENTRY--AUTHOR NAME
Personal name Punmia,Dr B C & Others
245 ## - TITLE STATEMENT
Title Limit State Design (Reinforced Concrete)
260 ## - PUBLICATION, DISTRIBUTION, ETC. (IMPRINT)
Name of publisher Laxmi Publications
300 ## - PHYSICAL DESCRIPTION
Number of Pages 936
942 ## - ADDED ENTRY ELEMENTS (KOHA)
Koha item type Books
Holdings
Lost status Damaged status Home library Current library Shelving location Date acquired Source of acquisition Cost, normal purchase price Full call number Accession Number Koha item type
    JRU Library   SHELF-44-E 19/09/2017 Purchase 795.00 624.183 41 22026 Books
    JRU Library   SHELF-44-F 19/09/2017 Purchase 795.00 624.183 41 22027 Books
    JRU Library   SHELF-6-B 19/09/2017 Purchase 795.00 624.183 41 22028 Books